Supreme Court reports : (Record no. 9439)
[ view plain ]
| 000 -LEADER | |
|---|---|
| fixed length control field | 01031nam a22001817a 4500 |
| 003 - CONTROL NUMBER IDENTIFIER | |
| control field | OSt |
| 005 - DATE AND TIME OF LATEST TRANSACTION | |
| control field | 20260415034028.0 |
| 008 - FIXED-LENGTH DATA ELEMENTS--GENERAL INFORMATION | |
| fixed length control field | 260415b |||||||| |||| 00| 0 eng d |
| 040 ## - CATALOGING SOURCE | |
| Original cataloging agency | DWC-Main lib. |
| Transcribing agency | OC |
| 082 ## - DEWEY DECIMAL CLASSIFICATION NUMBER | |
| Classification number | Fil. 348.044 Su959 |
| 110 ## - MAIN ENTRY--CORPORATE NAME | |
| Corporate name or jurisdiction name as entry element | EDITORIAL STAFF OF THE CENTRAL LAWBOOK PUBLISHING CO., INC |
| 245 ## - TITLE STATEMENT | |
| Title | Supreme Court reports : |
| Remainder of title | annotated/ |
| Statement of responsibility, etc. | EDITORIAL STAFF OF THE CENTRAL LAWBOOK PUBLISHING CO., INC |
| 260 ## - PUBLICATION, DISTRIBUTION, ETC. | |
| Place of publication, distribution, etc. | Manila, Philippines : |
| Name of publisher, distributor, etc. | Central Lawbook Publishing Company, Inc. |
| 300 ## - PHYSICAL DESCRIPTION | |
| Extent | various paging : |
| Dimensions | 23 cm. |
| 504 ## - BIBLIOGRAPHY, ETC. NOTE | |
| Bibliography, etc. note | v.211 - July 3 to 29, 1992<br/>v.212 - August 3 to 24, 1992<br/>v.213 -August 25 to September 14, 1992<br/>v.214 - September 18 to October 20, 1992<br/>v.215 - October 21 to November 25, 1992<br/>v.216 - November 26 to December 29, 1992<br/>v.217 - January 5 to January 28, 1993<br/>v.218 -January 29 to February 15, 1993<br/>v.219 - February 16 to March 12, 1993<br/>v.220 - March 17 to March 31, 1993 |
| 650 ## - SUBJECT ADDED ENTRY--TOPICAL TERM | |
| Topical term or geographic name entry element | 1. Law reports, digests, etc.--- Philippines. |
| 942 ## - ADDED ENTRY ELEMENTS (KOHA) | |
| Source of classification or shelving scheme | Dewey Decimal Classification |
| Koha item type | Book-Filipiniana |
| Classification part | Fil. |
| Suppress in OPAC | No |
| 952 ## - LOCATION AND ITEM INFORMATION (KOHA) | |
| -- | |
| 952 ## - LOCATION AND ITEM INFORMATION (KOHA) | |
| -- | |
| 952 ## - LOCATION AND ITEM INFORMATION (KOHA) | |
| -- | |
| 952 ## - LOCATION AND ITEM INFORMATION (KOHA) | |
| -- | |
| 952 ## - LOCATION AND ITEM INFORMATION (KOHA) | |
| -- | |
| 952 ## - LOCATION AND ITEM INFORMATION (KOHA) | |
| -- | |
| 952 ## - LOCATION AND ITEM INFORMATION (KOHA) | |
| -- | |
| 952 ## - LOCATION AND ITEM INFORMATION (KOHA) | |
| -- | |
| 952 ## - LOCATION AND ITEM INFORMATION (KOHA) | |
| -- | |
| 952 ## - LOCATION AND ITEM INFORMATION (KOHA) | |
| -- | |
| Withdrawn status | Lost status | Source of classification or shelving scheme | Damaged status | Not for loan | Home library | Current library | Shelving location | Date acquired | Source of acquisition | Total Checkouts | Full call number | Barcode | Date last seen | Copy number | Price effective from | Koha item type | Uniform Resource Identifier |
|---|---|---|---|---|---|---|---|---|---|---|---|---|---|---|---|---|---|
| Dewey Decimal Classification | College Library | College Library | Filipiniana | 03/08/2006 | School Fund | Fil. 348.044 Su959 | CL43082 | 04/15/2026 | c1 | 04/15/2026 | BK - FIL | ||||||
| Dewey Decimal Classification | College Library | College Library | Filipiniana | 03/08/2006 | School Fund | Fil. 348.044 Su959 | 43083 | 04/15/2026 | c2 | 04/15/2026 | BK - FIL | ||||||
| Dewey Decimal Classification | College Library | College Library | Filipiniana | 03/08/2006 | School Fund | Fil. 348.044 Su959 | 43084 | 04/15/2026 | c3 | 04/15/2026 | BK - FIL | ||||||
| Dewey Decimal Classification | College Library | College Library | Filipiniana | 03/08/2006 | School Fund | Fil. 348.044 Su959 | 43085 | 04/15/2026 | c4 | 04/15/2026 | BK - FIL | ||||||
| Dewey Decimal Classification | College Library | College Library | Filipiniana | 03/08/2006 | School Fund | Fil. 348.044 Su959 | 43086 | 04/15/2026 | c5 | 04/15/2026 | BK - FIL | ||||||
| Dewey Decimal Classification | College Library | College Library | Filipiniana | 03/08/2006 | School Fund | Fil. 348.044 Su959 | 43087 | 04/15/2026 | c6 | 04/15/2026 | BK - FIL | ||||||
| Dewey Decimal Classification | College Library | College Library | Filipiniana | 03/08/2006 | School Fund | Fil. 348.044 Su959 | 43088 | 04/15/2026 | c7 | 04/15/2026 | BK - FIL | ||||||
| Dewey Decimal Classification | College Library | College Library | Filipiniana | 03/08/2006 | School Fund | Fil. 348.044 Su959 | 43089 | 04/15/2026 | c8 | 04/15/2026 | BK - FIL | ||||||
| Dewey Decimal Classification | College Library | College Library | Filipiniana | 03/08/2006 | School Fund | Fil. 348.044 Su959 | 43090 | 04/15/2026 | c9 | 04/15/2026 | BK - FIL | ||||||
| Dewey Decimal Classification | College Library | College Library | Filipiniana | 03/08/2006 | School Fund | Fil. 348.044 Su959 | 43091 | 04/15/2026 | c10 | 04/15/2026 | BK - FIL |